Kaart van Oost-Azië Quiz - Statistieken

Algemene statistieken
  • Deze quiz is 2.604 keer genomen
  • De gemiddelde score is 15 van 17
Antwoorden op de kaart
Antwoorden kleurgecodeerd door een groen-rode schaal op de quizkaart volgens % correct hieronder.
 
Antwoordstatistieken
Antwoord % Correct
China
97%
Japan
97%
Mongolië
96%
Noord-Korea
96%
Zuid-Korea
95%
Indonesië
93%
Filipijnen
91%
Taiwan
89%
Thailand
86%
Vietnam
85%
Laos
84%
Oost-Timor
84%
Maleisië
83%
Singapore
81%
Cambodja
80%
Myanmar
79%
Brunei
72%
Geen overeenkomende quizzen gevonden
Scoreverdeling
Procent van Mensen met Elke Score
Percentiel versus Aantal Correcte Antwoorden
Uw Scoregeschiedenis
U heeft deze quiz nog niet genomen